000 00800nam a2200229 a 4500
001 57287
003 BD-RjUL
005 20211209080506.0
008 161208s1961 bg ||||| |||| 00| 0 ben d
020 _c: TK 2.00
035 _a(BD-RjUL) 57411
040 _aBD-RjUL
_bben
_cBD-RjUL
041 _aben
082 _223
_a297.61
_bHOA 1961
100 _aহোসেন, কাজী আবুল
_9170108
245 1 0 _aআওলিয়া দরবেশ /
_cকাজী আবুল হোসেন
260 _aঢাকা :
_bওসমানিয়া বুক ডিপো,
_c১৯৬১ [১৩৬৮]
300 _a২৭৮ পৃ. ;
_c২১ সেমি.
650 _aইসলামী নেতা
_9170109
650 _aIslamic Leader
_9170110
942 _2ddc
_cBK
999 _c57287
_d57287